| 000 | 00530nam a2200181Ia 4500 | ||
|---|---|---|---|
| 999 |
_c29186 _d29186 |
||
| 003 | OSt | ||
| 005 | 20201125101233.0 | ||
| 008 | 190216s9999||||xx |||||||||||||| ||und|| | ||
| 020 | _a9788182643673 | ||
| 040 | _coclc | ||
| 082 |
_a894.8123 _bNAY/A |
||
| 100 |
_aNayak, Padma L _94279 |
||
| 245 | 0 |
_aAppothikkiriyude Sathyam / _cPadma L Nayak |
|
| 260 |
_bMathrubhumi Printing & publishing, _aKozhikode: _c2007. |
||
| 300 | _a148p | ||
| 650 | _aNovel | ||
| 942 |
_cBK _2ddc _h894.8123 _iNAY/A _k894.8123 _mNAY/A |
||